000 00683nam a22002057a 4500
999 _c4578
_d4578
005 20251125232754.0
008 s2530 th f tha d
040 _aNALT
041 _atha
090 _aFIC
_bห215อ 2530
100 0 _aหยก บูรพา
_96787
245 1 0 _aอยู่กับก๋ง /
_cหยก บูรพา.
260 _aกรุงเทพฯ :
_bบรรณกิจ,
_c2530
300 _a285 หน้า :
_c19 ซม.
650 4 _aนวนิยายไทย
_96428
850 _aNALT
856 4 0 _uhttps://hdl.handle.net/20.500.14156/302309
_71
942 _cFIC
_2local
998 _j104
_k สายฝน ดีงาม